Statistics for Remember The Rain? - 21st Century - All Lyrics

Click here to take the quiz!

General Stats

  • This quiz has been taken 24 times
  • The average score is 161 of 306

Answer Stats

Answer% Correct
you
100%
You
100%
I
89%
rain
89%
rain?
89%
the
89%
We
89%
we
89%
a
78%
Can
78%
in
78%
me
78%
Oh!
78%
oh,
78%
Ooh,
78%
remember
78%
(She
78%
She
78%
so
78%
to
78%
were
78%
wow
78%
out
67%
that
67%
when
67%
Your
67%
your
67%
all
56%
and
56%
And
56%
and)
56%
be
56%
by
56%
go
56%
got
56%
it)
56%
it
56%
it,
56%
looked
56%
sad
56%
said
56%
us
56%
was
56%
As
44%
bad
44%
bad)
44%
else
44%
for
44%
get
44%
girl
44%
girl,
44%
home
44%
I'd
44%
I'll
44%
I've
44%
my
44%
myself
44%
not
44%
Now
44%
on
44%
play
44%
somebody
44%
told
44%
up
44%
used
44%
went
44%
with
44%
about
33%
another
33%
close
33%
cry
33%
days
33%
eye
33%
fast
33%
heart
33%
I’m
33%
left
33%
life
33%
mother
33%
must
33%
saw
33%
scolded
33%
stopped
33%
(Think
33%
think
33%
Think
33%
thought
33%
took
33%
very
33%
ain't
22%
apart
22%
baby,
22%
Baby,
22%
baby
22%
better
22%
breath
22%
but
22%
'Cause
22%
class
22%
crying
22%
cut
22%
face
22%
fell
22%
fellow,
22%
fool
22%
gone
22%
guess
22%
held
22%
knee
22%
last
22%
many
22%
name,
22%
notes
22%
nothing
22%
picked
22%
remarks
22%
running
22%
school
22%
shock
22%
still
22%
Those
22%
umbrella
22%
Until
22%
without
22%
back
11%
blame
11%
broke
11%
death
11%
existence
11%
Gosh
11%
laughed
11%
little
11%
pieces
11%
put
11%
rules
11%
sneak
11%
(Stepped
11%
storm
11%
through
11%
till
11%
torn
11%
tryna
11%
watched
11%
winked
11%

Score Distribution

Percentile by Number Answered

Percent of People with Each Score

Your Score History

You have not taken this quiz